00721cam a22002177a 45000010008000000030006000080050017000140080041000310100017000720200015000890400018001040500021001220820015001431000023001582450035001812600043002163000021002596500030002808560104003108560089004142843424GBCCL20241126110516.0850314s1984 ilu 000 0 eng  a 84050147  a0896933806 aDLCcDLCdDLC00aMLCS 85/2042 (B) a227.9bWIE1 aWiersbe, Warren W.10aBe alert /cWarren W. Wiersbe. aWheaton, Ill. :bVictor Books,cc1984. a168 p. ;c21 cm. aBible- NTv2 Peterxstudy423Contributor biographical informationuhttp://www.loc.gov/catdir/enhancements/fy0909/84050147-b.html423Publisher descriptionuhttp://www.loc.gov/catdir/enhancements/fy0909/84050147-d.html